000 00634nam a2200241Ia 4500
001 10593
005 20240113235229.0
007 ta
008 050804s1968 a g b000 u eng u
040 _aCotton College Assam
041 _aeng
082 _a938.08
_bB 219 Al
100 _aBamm, Peter .
245 0 _aAlexender the Great: Power as Destiny /
_cPeter Bamm.
_hTextual Documents
250 _a1st ed. /
260 _aLondon :
_bThames & Hudson ,
_c1968.
300 _a320p. :
_bill. ;
_c24cm .
504 _aIndex
653 _aHistory-Alexender
942 _2ddc
_cBK
999 _c10580
_d10580